Geology And Mineral Deposits Of The Keweenaw Peninsula, Michigan, U.S. Geological Survey Open-File Report 99-149, 1999, (CD-ROM).

Bibliographic Details
Corporate Author: Geological Survey (U.S.)
Format: Government Document Book
Language:English
Published: [Place of publication not identified] : [publisher not identified], [1999?]

MARC

Tag First Indicator Second Indicator Subfields
LEADER 00000cam a22000007a 4500
001 in00000003304
005 20151007051052.0
008 990419s1999 xxu f000 0 eng
035 |a (OCoLC) 
035 |a tmp97224497 
035 |9 AJG3047AM 
040 |a MvI  |c MvI  |d UtOrBLW 
049 |a ROMS 
074 |a 0624-H 
086 0 |a I 19.76:99-149 
245 0 0 |a Geology And Mineral Deposits Of The Keweenaw Peninsula, Michigan, U.S. Geological Survey Open-File Report 99-149, 1999, (CD-ROM). 
264 1 |a [Place of publication not identified] :  |b [publisher not identified],  |c [1999?] 
336 |a text  |b txt  |2 rdacontent 
337 |a unmediated  |b n  |2 rdamedia 
338 |a volume  |b nc  |2 rdacarrier 
500 |a Shipping List #: 99-0038-E 
500 |a Shipping List Date: 04/15/99 
710 2 |a Geological Survey (U.S.) 
999 |a MARS 
999 f f |s d650d161-662b-38d7-8a3d-aef40d498ed4  |i d1afb149-c2ec-37d8-b803-495dff232f3e  |t 0 
952 f f |p normal  |a Texas A&M University  |b College Station  |c Sterling C. Evans Library  |d Evans: US Documents CD-ROMs (Annex 5th floor)  |t 0  |e I 19.76:99-149  |h Superintendent of Documents classification  |i unmediated -- volume  |m A14824477721 
998 f f |a I 19.76:99-149  |t 0  |l Evans: US Documents CD-ROMs (Annex 5th floor)